| 000 | 00805nam a22001457a 4500 | ||
|---|---|---|---|
| 008 | 110628t xxu||||| |||| 00| 0 eng d | ||
| 010 | _aHCMA F-107 | ||
| 245 | _aThe High Court Miscellaneous Application Number 337 of 2006 Arising from H.C.C.S No.510 of 2004 Kisambira Sentamu Ismail Vs Ecima Elikana and Michael Mutaisa . | ||
| 260 | _c2006 | ||
| 500 | _aBefore: Hon.Ag. Judge Remmy Kasule | ||
| 999 |
_c4193 _d4193 |
||